000 00507 a2200169 4500
003 OSt
005 20240214120802.0
008 231218b |||||||| |||| 00| 0 eng d
020 _a9789352296149
040 _coclc
082 _a891.433
_bJOS/K
100 _aJoshi, Manohar Syam
_910169
245 _aKISSA PAUNE CHAR YAR Check rfid tag /
_c Manohar Syam Joshi
260 _aNew Delhi:
_bVani Prakashan,
_c2017.
300 _a80p
942 _2ddc
_cBK
_h891.433
_iJOS/K
_k891.433
_mJOS/K
999 _c43475
_d43475